| Tag |
First Indicator |
Second Indicator |
Subfields |
| LEADER |
00000cam a2200000 a 4500 |
| 001 |
in00000652813 |
| 005 |
20151015072457.0 |
| 008 |
800730s1980 ncua b 10010 engm |
| 010 |
|
|
|a 80118477
|
| 020 |
|
|
|a 0876644809 :
|c $5.00
|
| 035 |
|
|
|a (OCoLC)06626636
|
| 035 |
|
|
|9 ACX0147AM
|
| 040 |
|
|
|a DLC
|c DLC
|d m.c.
|d TXA
|d UtOrBLW
|
| 049 |
|
|
|a TXAM
|c [1801453]
|
| 050 |
0 |
0 |
|a TJ163.7
|b .E547 1980
|
| 082 |
0 |
|
|a 621.042
|2 19
|
| 111 |
2 |
|
|a Energy-Sources Technology Conference and Exhibition
|d (1980 :
|c New Orleans, La.)
|
| 245 |
1 |
0 |
|a Instrumentation for energy-sources technology :
|b papers presented at the Energy-Sources Technology Conference and Exhibition by the following Divisions of the Instrument Society of America, Chemical and Petroleum Industries, Power Industry, New Orleans, Louisiana, February 3-7, 1980.
|
| 264 |
|
1 |
|a Research Triangle Park, NC :
|b ISA,
|c 1980.
|
| 300 |
|
|
|a iii, 90 pages :
|b illustrations ;
|c 28 cm.
|
| 336 |
|
|
|a text
|b txt
|2 rdacontent
|
| 337 |
|
|
|a unmediated
|b n
|2 rdamedia
|
| 338 |
|
|
|a volume
|b nc
|2 rdacarrier
|
| 504 |
|
|
|a Includes bibliographical references.
|
| 650 |
|
0 |
|a Power (Mechanics)
|v Congresses.
|
| 650 |
|
0 |
|a Engineering instruments
|v Congresses.
|
| 650 |
|
0 |
|a Automatic control
|v Congresses.
|
| 710 |
2 |
|
|a Instrument Society of America.
|b Chemical and Petroleum Industries Division.
|
| 710 |
2 |
|
|a Instrument Society of America.
|b Power Industry Division.
|
| 999 |
|
|
|a MARS
|
| 999 |
f |
f |
|s e0189459-5a8a-3b45-a1dc-7746b7913dd2
|i de761b63-1d10-3ba5-b6df-1ce84f4eb1c1
|t 0
|
| 952 |
f |
f |
|p ric
|a Texas A&M University
|b Rellis Campus
|c Joint Library Facility
|d Remote Storage
|t 0
|e TJ163.7 .E547 1980
|h Library of Congress classification
|i unmediated -- volume
|m A14805427165
|
| 998 |
f |
f |
|a TJ163.7 .E547 1980
|t 0
|l Remote Storage
|